000 01175nam a2200313 i 4500
003 EG-GICUC
005 20260121101412.0
008 251201s1927 -ge||||fr|||| 00| 0 ger d
040 _aEG-GiCUC
_bger
_cEG-GiCUC
_dEG-GiCUC
_erda
041 _ager
082 0 4 _221
_a341.71040
_bGR
092 0 4 _221
099 _aLaw1 11 341.71040GR 1927
245 0 4 _aDie Große Politik der Europäischen Kabinette 1871–1914 :
_bSammlung der Diplomatischen Akten des Auswärtigen Amtes.
_n40 Band,
_cHerausgegeben im Auftrage des Auswärtigen Amtes.
_pNamenregister zu Band XXVI bis XXXIX /
246 1 _avierzig Band
264 1 _aBerlin :
_bDeutsche Verlagsgesellschaft für Politik und Geschichte,
_c1927.
300 _a176 pages ;
_c24 cm.
336 _2rda content
_atext
337 _2rda media
_aComputer
338 _2rda carrier
_aOnline Resource
504 _aBibliographische Hinweise
546 _a Text in German
650 1 _aInternationale Politik
_xÖffentliches Völkerrecht
_zEuropäischen
651 1 _2qrmak
710 _aAuswärtigen Amtes.
856 4 0 _uhttps://fll.law.cu.edu.eg/fulltext/bks/B11-05701.pdf
905 _a75
_eYara
942 _2ddc
_cBK
_e21
_n0
999 _c47700
_d47700